000 00293nam a2200145Ia 4500
100 _aSchildt/ Herbert
942 _cBK
654 _aC
245 _aC:complete reference
260 _bOsborne
_aBerkeley
_c1995
082 _a1.6424
_bSCH
300 _a839
546 _aENGLISH
999 _c21827
_d21827